Pixar Feature Films - Statistics

General Stats
  • This quiz has been taken 28 times
    10 since last reset
  • The average score is 21 of 27
Answer Stats
Year Film % Correct
2006 Cars
88%
2016 Finding Dory
88%
2003 Finding Nemo
88%
2021 Luca
88%
2020 Soul
88%
2015 The Good Dinosaur
88%
1995 Toy Story
88%
1998 A Bug's Life
75%
2012 Brave
75%
2011 Cars 2
75%
2017 Cars 3
75%
2017 Coco
75%
2023 Elemental
75%
2015 Inside Out
75%
2001 Monsters, Inc.
75%
2013 Monsters University
75%
2007 Ratatouille
75%
1999 Toy Story 2
75%
2010 Toy Story 3
75%
2019 Toy Story 4
75%
2022 Turning Red
75%
2009 Up
75%
2008 Wall-E
75%
2018 Incredibles 2
63%
2022 Lightyear
63%
2020 Onward
63%
2004 The Incredibles
63%
No matching quizzes found
Score Distribution
Percent of People with Each Score
Percentile by Number Answered
Your Score History
You have not taken this quiz since the last reset